Ленинизмът и революционното преустройство на света (Запис номер 475418)
[ съкратено ]
| 000 -Лидер | |
|---|---|
| Контролно поле с фиксирана дължина | nam a22 a 4500 |
| 003 - Код на организацията, давaща контролен номер | |
| Контролно поле | BLK |
| 005 - Дата и час на последна редакция | |
| Контролно поле | 20221201111009.0 |
| 008 - Елементи от данни с фиксирана дължина | |
| fixed length control field | 221007b bu |||||r|||| 00| | bu d |
| 040 ## - Източник на каталожния запис | |
| Идентификатор на билиотеката - собственик на записа | BLK |
| 041 ## - Код за език | |
| Код за езика на текст/звукозапис или на отделно заглавие | Български |
| Код за езика КДБФ | Български |
| 080 ## - УДК | |
| Текстов определител УДК | Марксизъм-ленинизъм. Научен комунизъм |
| УДК код - определител по УДК | 141.82 |
| УДК - код + определител | 141.82 |
| 100 ## - Редна дума - Автор | |
| Автор | Суслов, Михаил Андреевич |
| R(LIN) | 274175 |
| 139 ## - Редно поле | |
| Редна дума | Суслов, Михаил Андреевич |
| 245 ## - Сведения за заглавието | |
| Заглавие | Ленинизмът и революционното преустройство на света |
| Подзаглавни данни | Избрани речи и статии |
| Редно поле (дума) | Михаил Суслов |
| 260 ## - Област на издателските данни | |
| 9 (RLIN) | 211414 |
| Място на издаване, разпространение и проч. | София |
| Име на издателя, разпространителя и проч. | Партиздат |
| Година на издаване | 1975 |
| 300 ## - Физическа характеристика | |
| Страници | 453 с. |
| Илюстрации и др. | 1 л. : портр. |
| Размери/Мащаб | 21 см |
| 380 ## - Жанр | |
| Жанр | Философия |
| 490 ## - СЕРИИ (Колекции) | |
| 9 (RLIN) | 207197 |
| Име на серия | Поредица Политически дейци на нашето време |
| 650 #0 - Допълнително описание по предмет – тема | |
| 9 (RLIN) | 250564 |
| Основно описание – тема или топоним | Марксизъм-ленинизъм |
| 653 #7 - Ключова дума – ненормативна | |
| 9 (RLIN) | 189798 |
| Ключова дума | ленинизъм |
| 852 ## - Местоположение | |
| Форматна сигнатура | Цб 78807 |
| Фондова буква | Хранилище |
| 999 ## - СИСТЕМНИ КОНТРОЛНИ НОМЕРА | |
| Koha biblionumber | 475418 |
| Koha biblioitemnumber | 475418 |
| 942 ## - АРТИКУЛИ | |
| Вид на библиотечния материал | Книги |
| Скрит в OPAC | Не |
| Периодичен библиозапис | Да |
| 944 ## - СЪЗДАВАНЕ И РЕДАКЦИЯ на ЗАПИСА | |
| Създаване/Редакция | Създаване |
| Дата на регистрацията/редакция | 2022-10-07 |
| Служител, извършил регистрацията/редакцията | Христина Везирева |
| Код за отписване | Код за изгубен артикул | Източник на класификационната схема | Код за повреда | Коз за рестрикции | Код за отдаване | Артикулен № | Име на библиотеката - собственик | Име на библиотеката, в която се намира в момента | Статус (Текущо местоположение) | Дата на вписване в системата | Местоположение - отдел | Цена в лева | Инвентарен номер | Систематично азбучна сигнатура | Баркод | Цена в евро | Служебен тип на артикула |
|---|---|---|---|---|---|---|---|---|---|---|---|---|---|---|---|---|---|
| Не е изгубен | Universal Decimal Classification | Не е повреден | само за читалня | ползва се в читалня | 907260 | Регионална библиотека "Любен Каравелов" Русе | Регионална библиотека "Любен Каравелов" Русе | Хранилище | 2022-10-10 | Хранилище | 2.10 | 196301 | Цб 78807 | 120000196301 | 1.07 | Книги |